|
|
|
|
| LEADER |
00000naa2a2200000 4500 |
| 001 |
147701 |
| 005 |
20251204110627.0 |
| 035 |
|
|
|a (RuTPU)RU\TPU\book\160089
|
| 090 |
|
|
|a 147701
|
| 100 |
|
|
|a 20081119d2008 k y0rusy50 ca
|
| 101 |
0 |
|
|a rus
|
| 102 |
|
|
|a RU
|
| 200 |
1 |
|
|a Диагностирование механического состояния узла скользящего токосъёма турбогенераторов
|f Ю. С. Боровиков, Д. П. Упадышев, В. Ю. Саблуков
|
| 320 |
|
|
|a Библиогр.: 1 назв.
|
| 463 |
|
1 |
|0 (RuTPU)RU\TPU\book\153908
|y 5-98298-208-3
|t Электроэнергия: от получения и распределения до эффективного использования
|o материалы Всероссийской научно-технической конференции, 12-14 мая 2008 г., Томск
|f Томский политехнический университет
|v С. 247-248
|d 2008
|
| 610 |
1 |
|
|a турбогенераторы
|
| 610 |
1 |
|
|a токосъём
|
| 610 |
1 |
|
|a диагностирование
|
| 610 |
1 |
|
|a эксплуатация
|
| 610 |
1 |
|
|a надёжность
|
| 610 |
1 |
|
|a эксплуатационная надёжность
|
| 610 |
1 |
|
|a труды учёных ТПУ
|
| 700 |
|
1 |
|a Боровиков
|b Ю. С.
|c специалист в области электроэнергетики
|c проректор-директор Энергетического института Томского политехнического университета, кандидат технических наук
|f 1978-
|g Юрий Сергеевич
|3 (RuTPU)RU\TPU\pers\27067
|
| 701 |
|
1 |
|a Упадышев
|b Д. П.
|
| 701 |
|
1 |
|a Саблуков
|b В. Ю.
|
| 801 |
|
1 |
|a RU
|b 63413507
|c 20081119
|g PSBO
|
| 801 |
|
2 |
|a RU
|b 63413507
|c 20140313
|g RCR
|
| 942 |
|
|
|c BK
|